000 00734cab a2200241 4500
001 ABS56518
008 090401t1997 xxu||||| |||| 00| 0 eng d
035 _a(Sirsi) u24229
041 _aeng
100 _aLedger, R.
245 _aAssessing professional competence
260 _c1997
350 _a0
490 _aSurveying World
_v5(2) January/February 1997, 38(1)
520 _aExplains the changes being made to the RICS Assessment of Professional Competence (APC), effective from 1 January 1997.
650 _aAPC
_96216
650 _aAPC
_96216
650 _aRICS
650 _aCAREERS, EDUCATION AND TRAINING
690 _aMANAGEMENT-BUSINESS MANAGEMENT-PROFESSIONAL PRACTICE
942 _n0
948 _c04/03/1997
999 _c16236
_d16236